|
|
|
|
| LEADER |
00000nam0a2200000 4500 |
| 001 |
372041 |
| 005 |
20240914063129.0 |
| 010 |
|
|
|a 5771400933
|
| 035 |
|
|
|a (RuTPU)RU\TPU\retro\29457
|
| 035 |
|
|
|a RU\TPU\book\304525
|
| 090 |
|
|
|a 372041
|
| 100 |
|
|
|a 20221214d1991 k y0rusy50 ca
|
| 101 |
0 |
|
|a rus
|
| 102 |
|
|
|a UA
|
| 105 |
|
|
|a a z 001cb
|
| 200 |
1 |
|
|a Портреты заговорили
|e историко-литературные исследования
|f Н. А. Раевский
|g под ред. В. И. Пасс
|
| 210 |
|
|
|a Киев
|c Мистецтво
|d 1991
|
| 215 |
|
|
|a 512 с.
|c ил.
|
| 320 |
|
|
|a Вступительная статья: с. 3-33
|
| 320 |
|
|
|a Комментарии: с. 478-509
|
| 320 |
|
|
|a Список сокращений: с. 510-511
|
| 600 |
|
1 |
|a Пушкин
|b А. С.
|c российский поэт
|c писатель
|f 1799-1837
|g Александр Сергеевич
|7 ca
|8 rus
|2 stltpush
|3 (RuTPU)RU\TPU\pers\1026
|9 453
|
| 606 |
1 |
|
|a Русская литература, дореволюционная
|x История и критика
|2 stltpush
|3 (RuTPU)RU\TPU\subj\26372
|9 50315
|
| 610 |
1 |
|
|a литературоведение
|
| 610 |
1 |
|
|a русская литература
|
| 610 |
1 |
|
|a русские писатели
|
| 610 |
1 |
|
|a русские поэты
|
| 610 |
1 |
|
|a 19 век
|
| 610 |
1 |
|
|a очерки
|
| 610 |
1 |
|
|a литературная жизнь
|
| 675 |
|
|
|a 8Р1(092)
|v 3
|
| 700 |
|
1 |
|a Раевский
|b Н. А.
|g Николай Алексеевич
|
| 702 |
|
1 |
|a Пасс
|b В. И.
|4 340
|
| 801 |
|
1 |
|a RU
|b 63413507
|c 20150116
|
| 801 |
|
2 |
|a RU
|b 63413507
|c 20221214
|g RCR
|
| 942 |
|
|
|c BK
|